Alain Decaux raconte la Révolution française aux enfants. (Record no. 170037)

MARC details
000 -LEADER
campo de control de longitud fija 00678nam a2200205 i 4500
001 - NÚMERO DE CONTROL
campo de control 170037
003 - IDENTIFICADOR DE NÚMERO DE CONTROL
campo de control ES-MaACL
005 - FECHA Y HORA DE LA ÚLTIMA TRANSACCIÓN
campo de control 20250828063300.0
008 - DATOS DE LONGITUD FIJA--INFORMACIÓN GENERAL
campo de control de longitud fija 090116s1988 fr |||| | fre d
020 ## - NÚMERO INTERNACIONAL ESTÁNDAR DEL LIBRO
Número Internacional Estándar del Libro 2-262-00591-5
080 ## - NÚMERO DE LA CLASIFICACIÓN DECIMAL UNIVERSAL
Número de la Clasificación Decimal Universal 944"1789/99"
100 ## - ENTRADA PRINCIPAL--NOMBRE DE PERSONA
Nombre de persona Decaux, Alain,
Fechas asociadas al nombre 1925-2016
9 (RLIN) 239167
245 10 - MENCIÓN DEL TÍTULO
Título Alain Decaux raconte la Révolution française aux enfants.
260 ## - PUBLICACIÓN, DISTRIBUCIÓN, ETC.
Lugar de publicación, distribución, etc. Paris :
Nombre del editor, distribuidor, etc. Perrin,
Fecha de publicación, distribución, etc. 1988.
300 ## - DESCRIPCIÓN FÍSICA
Extensión 176 p. :
Otras características físicas il. col. ;
Dimensiones 28 cm.
500 ## - NOTA GENERAL
Nota general Cronología.
651 #4 - PUNTO DE ACCESO ADICIONAL DE MATERIA--NOMBRE GEOGRÁFICO
Nombre geográfico Francia-
Subdivisión general Historia-
Subdivisión cronológica 1789-1799, Revolución
9 (RLIN) 241176
852 4# - LOCALIZACIÓN
Ubicación ES-MaACL
Número de control de estantería E-12373
itemnumber R.139412
Nota libre . - Biblioteca Jacinto Martínez Lacalle
Holdings
Estatus retirado Estado de pérdida Estado de daño No para préstamo Biblioteca de origen Biblioteca actual Ubicación en estantería Fecha de adquisición Fuente de adquisición Total de préstamos Signatura topográfica completa Código de barras Visto por última vez Precio de reemplazo Tipo de ítem Koha
        Biblioteca del Ateneo de Madrid Biblioteca del Ateneo de Madrid Depósito 2 16/01/2009     E-12373 1178508 23/02/2023 23/02/2023 Libro impreso